Multiple Word Countries - Statistics

General Stats
  • This quiz has been taken 245 times
  • The average score is 18 of 35
Answer Stats
Hint Answer % Correct
UK United Kingdom
77%
USA United States of America
77%
NZ New Zealand
75%
UAE United Arab Emirates
75%
CzR Czech Republic
74%
BF Burkina Faso
70%
CAR Central African Republic
69%
NK North Korea
68%
SK South Korea
68%
SrL Sri Lanka
66%
DRC Democratic Republic of the Congo
63%
DR Dominican Republic
60%
PNG Papua New Guinea
56%
AB Antigua and Barbuda
55%
CV Cape Verde
50%
RC Republic of the Congo
48%
StL Saint Lucia
47%
IC/CI Ivory Coast/Cote d'Ivoire
46%
SM San Marino
46%
EG Equatorial Guinea
45%
BH Bosnia and Herzegovina
44%
TT Trinidad and Tobago
44%
ET/TL East Timor/Timor-Leste
43%
SS South Sudan
42%
SoA South Africa
41%
SVG Saint Vincent and the Grenadines
40%
SKN Saint Kitts and Nevis
39%
GB Guinea-Bissau
37%
MI Marshall Islands
35%
HS/VC Holy See/Vatican City
32%
STP São Tomé and Príncipe
31%
CoR Costa Rica
30%
SaA Saudi Arabia
28%
SI Solomon Islands
27%
SiL Sierra Leone
24%
No matching quizzes found
Score Distribution
Percent of People with Each Score
Percentile by Number Answered
Your Score History
You have not taken this quiz